000 00395nam a22001577a 4500
020 _a978-93-87911-50-5
082 _a894.812.3
_bDIC/D
100 _aDICKENS,CHARLES
245 _aDAVID COPPERFIELD
246 _aDAVID COPPERFIELD
_bDAVID COPPERFIELD
260 _aTHRISSUR
_bH&C STORES
300 _a48
520 _amalayalam short stories
650 _a MALAYALAM STORY
_zKERALA
942 _cBK
999 _c7003
_d7003